Logo BPK

Biblioteka

Politechniki Koszalińskiej

Durch die Wüste : (Rekord nr 50006)

Szczegóły MARC
000 -ETYKIETA REKORDU
podpole kontrolne o stałej długości 00505nam a2200193 i 4500
001 - NUMER KONTROLNY REKORDU
pole kontrolne bgj
040 ## - ŹRÓDŁO KATALOGOWANIA
Instytucja, która utworzyła rekord BPK
041 0# - KOD JĘZYKA
Kod języka tekstu ger
044 ## - KOD KRAJU WYDAWCY/PRODUCENTA
Kod kraju wydawcy/producenta DEU
080 ## - UNIWERSALNA KLASYFIKACJA DZIESIĘTNA - UKD
UKD 821.112.2-3
008 - POLE O STAŁEJ DŁUGOŚCI - DANE KONTROLNE
podpole kontrolne o stałej długości s gw f |000 0 ger
100 1# - NAZWA OSOBOWA
Nazwa osobowa MAY, Karl.
245 10 - TYTUŁ/ODPOWIEDZIALNOŚĆ
Tytuł Durch die Wüste :
Ciąg dalszy tytułu Reiseerzählung /
Pozostałe elementy strefy tytułu i oznaczenia odpowiedzialności von Karl May.
246 ## - WARIANT TYTUŁU
Tytuł Karl May Gesammelte Werke. Bd. 1.
260 ## - STREFA ADRESU WYDAWNICZEGO
Miejsce wydania Bamberg :
Nazwa wydawcy/dystrybutora Karl-May-Bücherei,
Data publikacji, dystrybucji/powstania dokumentu cop. 1952.
300 ## - STREFA OPISU FIZYCZNEGO
Objętość 583 s. ;
Rozmiary 18 cm.
650 9# - HASŁO PRZEDMIOTOWE W FORMIE NAZWY OGÓLNEJ LUB JEDNOSTKOWEJ
Nazwa ogólna lub geograficzna Powieść niemiecka
856 ## - LOKALIZACJA I DOSTĘP DO ELEKTRONICZNYCH DOKUMENTÓW ZDALNYCH
Link (URL) http://koha.tu.koszalin.pl/cgi-bin/koha/opac-detail.pl?biblionumber=50006
Tekst linku Katalog online BPK
942 ## - DODATKOWE ELEMENTY (KOHA)
Typ dokumentu Książka
Egzemplarze
Wycofany Status egzemplarza Uszkodzony Dostępność Lokalizacja stała Lokalizacja bieżąca Miejsce przechowywania Sygnatura Kod kreskowy Typ dokumentu
      Dostępny Biblioteka Politechniki Koszalińskiej Biblioteka Politechniki Koszalińskiej Wypożyczalnia Językowa S 2631 02435893 Książka
© 2023 Biblioteka Politechniki Koszalińskiej :: KOHA